| Tag |
First Indicator |
Second Indicator |
Subfields |
| LEADER |
00000cam a2200000Ka 4500 |
| 001 |
in00002761021 |
| 005 |
20151202171204.0 |
| 008 |
110506s2012 nyua 000 0 eng d |
| 010 |
|
|
|a 2011922825
|
| 020 |
|
|
|a 9780071754439 (pbk.)
|
| 020 |
|
|
|a 0071754431 (pbk.)
|
| 035 |
|
|
|a (OCoLC)ocn721904854
|
| 035 |
|
|
|a (OCoLC)721904854
|
| 040 |
|
|
|a BTCTA
|b eng
|c BTCTA
|d BDX
|d INO
|d YDXCP
|d BWX
|d SJI
|d QBX
|d UtOrBLW
|
| 049 |
|
|
|a TXAM
|
| 050 |
|
4 |
|a LB2353.48
|b .M39 2012
|
| 082 |
0 |
4 |
|a 378.1662
|
| 100 |
1 |
|
|a Mayzler, Alexandra.
|
| 245 |
1 |
0 |
|a ACT demystified /
|c Alexandra Mayzler, and Joseph Daniele.
|
| 264 |
|
1 |
|a New York :
|b McGraw-Hill,
|c [2012]
|
| 264 |
|
4 |
|c ©2012
|
| 300 |
|
|
|a viii, 659 pages :
|b illustrations ;
|c 24 cm.
|
| 336 |
|
|
|a text
|b txt
|2 rdacontent
|
| 337 |
|
|
|a unmediated
|b n
|2 rdamedia
|
| 338 |
|
|
|a volume
|b nc
|2 rdacarrier
|
| 490 |
1 |
|
|a Demystified series
|
| 650 |
|
0 |
|a ACT Assessment
|v Study guides.
|
| 650 |
|
0 |
|a Achievement tests
|v Study guides.
|
| 650 |
|
0 |
|a Universities and colleges
|z United States
|x Entrance examinations
|v Study guides.
|
| 700 |
1 |
|
|a Daniele, Joseph.
|
| 830 |
|
0 |
|a McGraw-Hill "Demystified" series.
|
| 938 |
|
|
|a Baker and Taylor
|b BTCP
|n BK0009812362
|
| 938 |
|
|
|a Brodart
|b BROD
|n 13067834
|c $20.00
|
| 938 |
|
|
|a YBP Library Services
|b YANK
|n 6821837
|
| 938 |
|
|
|a Blackwell Book Service
|b BBUS
|n 6821837
|
| 938 |
|
|
|a Quality Books, Inc.
|b QUAL
|n a 11922825
|
| 947 |
|
|
|a A14835734039
|
| 945 |
|
|
|a PromptCat
|b 908395
|
| 946 |
|
|
|a stk
|
| 994 |
|
|
|a 92
|b TXA
|
| 948 |
|
|
|a Cataloged
|b h
|c 2012/6/6
|d c
|e fambrosini
|
| 999 |
|
|
|a MARS
|
| 999 |
f |
f |
|s 31ecddff-be31-3ac9-befb-e97d5c5ec786
|i a6cdd45c-d80d-3bc5-bc36-0e1822a410ff
|t 0
|
| 952 |
f |
f |
|p normal
|a Texas A&M University
|b College Station
|c Sterling C. Evans Library
|d Evans: Library Stacks
|t 0
|e LB2353.48 .M39 2012
|h Library of Congress classification
|i unmediated -- volume
|m A14835734039
|
| 998 |
f |
f |
|a LB2353.48 .M39 2012
|t 0
|l Evans: Library Stacks
|